000
00425nam a2200169Ia 4500
008
090711s9999 xx 000 0 und d
082
_b
65622
100
_a
सामंत माया
245
_a
बेबंद
260
_c
1990
300
_a
148
600
_a
सामंत माया
630
_a
बेबंद
700
_a
सामंत माया
730
_a
बेबंद
942
_c
BOOK
999
_c
300020
_d
300020